000 00513nam a2200181Ia 4500
001 2156
005 20260306143821.0
008 260306t2018||||xx |||||||||||||| ||spa||
041 _aESP
082 _a615.8515
_bG96
100 _aGutiérrez Sansón, Cristina
_eAUT
245 0 _aGuía de estimulación cognitiva para terapeutas ocupacionales:
_bdemensias degenerativas y vasculares
260 _c2018
300 _axvii, 465 páginas :
_c21 cm.
650 _aGEN
654 _aCPS
942 _cLIB
_dJUS
_fJUS
_2ddc
_n
999 _c2156
_d2156